Normal view MARC view
  • Shaw, Irwin,

Entry Personal Name

Number of records used in: 1

001 - CONTROL NUMBER

  • control field: 153728

003 - CONTROL NUMBER IDENTIFIER

  • control field: DLC

005 - DATE AND TIME OF LATEST TRANSACTION

  • control field: 20260416133135.0

008 - FIXED-LENGTH DATA ELEMENTS

  • fixed length control field: 790820n| azannaabn |b aaa

010 ## - LIBRARY OF CONGRESS CONTROL NUMBER

  • LC control number: n 79071320

035 ## - SYSTEM CONTROL NUMBER

  • System control number: (OCoLC)oca00304098

040 ## - CATALOGING SOURCE

  • Original cataloging agency: DLC
  • Language of cataloging: eng
  • Description conventions: rda
  • Transcribing agency: DLC
  • Modifying agency: DLC
  • Modifying agency: OCl
  • Modifying agency: OCoLC
  • Modifying agency: DLC
  • Modifying agency: OCoLC
  • Modifying agency: DLC
  • Modifying agency: WU
  • Modifying agency: ScU
  • Modifying agency: OCoLC

046 ## - SPECIAL CODED DATES

  • Birth date: 1913
  • Death date: 1984
  • Source of date scheme: edtf

053 #0 - LC CLASSIFICATION NUMBER

  • Classification number element--single number or beginning number of span: PS3537.H384

100 1# - HEADING--PERSONAL NAME

  • Personal name: Shaw, Irwin,
  • Dates associated with a name: 1913-1984

370 ## - ASSOCIATED PLACE

  • Place of birth: Bronx (New York, N.Y.)
  • Place of death: Davos (Switzerland)
  • Source of term: naf

374 ## - OCCUPATION

  • Occupation: Authors, American
  • Occupation: Dramatists
  • Occupation: Screenwriters
  • Source of term: lcsh

377 ## - ASSOCIATED LANGUAGE

  • Language code: eng

400 1# - SEE FROM TRACING--PERSONAL NAME

  • Personal name: Shou, Irvin,
  • Dates associated with a name: 1913-1984

400 1# - SEE FROM TRACING--PERSONAL NAME

  • Personal name: Šo, Ervin,
  • Dates associated with a name: 1913-1984

400 1# - SEE FROM TRACING--PERSONAL NAME

  • Personal name: שאו, ארוין,
  • Dates associated with a name: 1913־

400 1# - SEE FROM TRACING--PERSONAL NAME

  • Personal name: שאו, אירווין,
  • Dates associated with a name: 1913־

400 1# - SEE FROM TRACING--PERSONAL NAME

  • Personal name: ア-ウィン.ショ-,
  • Dates associated with a name: 1913-1984

400 1# - SEE FROM TRACING--PERSONAL NAME

  • Personal name: アーウィンショー,
  • Dates associated with a name: 1913-1984

670 ## - SOURCE DATA FOUND

  • Source citation: Bury the dead ... c1936.

670 ## - SOURCE DATA FOUND

  • Source citation: Prihvatljivi gubici, 1985:
  • Information found: t.p. (Ervin Šo) p. 319 (obit.)

670 ## - SOURCE DATA FOUND

  • Source citation: Shnayerson, M. Irwin Shaw, c1989:
  • Information found: galley (d. May 1984)

670 ## - SOURCE DATA FOUND

  • Source citation: Dopustimye poteri, 2000:
  • Information found: t.p. (Irvin Shou)

670 ## - SOURCE DATA FOUND

  • Source citation: Wikipedia web site, April 24, 2020:
  • Information found: (Irwin Shaw (February 27, 1913 - May 16, 1984) was an American playwright, screenwriter, novelist, and short-story author ; b. February 27, 1913, Bronx, New York City, United States ; d. May 16, 1984 (aged 71), Davos, Switzerland)
Devinim Yazılım Eğitim Danışmanlık tarafından Koha'nın orjinal sürümü uyarlanarak geliştirilip kurulmuştur.